Quiz Cultura Generale - Quiz n°40 - Statistics

Statistiche generali
  • Questo quiz è stato fatto 242 volte
  • Il punteggio medio è 10 su 15
Statistiche sulle risposte
Domanda Risposta % Corretto
In quale anno avvenne l'attentato alle torri gemelle del World Trade Center di New York? 2001
96%
Qual è la sigla del "Partito Popolare Europeo"? PPE
93%
Secondo la tradizione, chi ha scritto l'Odissea? Omero
89%
Oltre all'Austria, quale stato europeo confina con il Friuli-Venezia Giulia? Slovenia
89%
Qual è la città con più abitanti della Turchia? Istanbul
85%
Qual era l'unica parte vulnerabile del corpo di Achille? Tallone
85%
Qual era il nome del Premio Nobel per la letteratura Montale? Eugenio
63%
In quale regione italiana si trova Vigevano? Lombardia
61%
Chi è stato l'ultimo re del Regno d'Italia? Umberto II
61%
In quale città si trova il Museo della Scienza e della Tecnica? Milano
55%
Qual era per gli antichi greci il dio del vino e dell'estasi? Dioniso
45%
Chi ha dipinto "La Persistenza della memoria"? Salvador Dalì
44%
Qual è la branca della medicina interna che si occupa delle malattie renali? Nefrologia
42%
Chi interpreta il Professor Robert Langdon nel film "Angeli e Demoni"? Tom Hanks
33%
Chi è stato il primo allenatore serbo della storia del Milan? Siniša Mihajlović
27%
Nessun quiz corrispondente trovato
Distribuzione punteggi
Percentuale di utenti per punteggio
Percentile per numero di risposta
I tuoi punteggi nel tempo
Non hai fatto questo quiz